000 00567nam a2200169 i 4500
001 100394
003 ES-MaACL
005 20230906182651.0
007 t|
008 050928s1968 sp ||||1| spa d
100 1 _aMascaró Pasarius, J.
_978687
245 1 0 _aPrehistoria de las Baleares /
_cpor J. Mascaró Pasarius.
260 _aPalma de Mallorca :
_bMiramar,
_c1968.
300 _a874 p., 1 h. con 170 lám., 2 map. pleg. :
_bil. ;
_c24 cm.
651 4 _aBaleares (Comunidad Autónoma)-
_xRestos arqueológicos.
_9151279
852 _aES-MaACL
_jG-5447
_bR.65778
999 _c100394
_d100394